Remote Sensing Digital Image Analysis (Record no. 7278)

MARC details
000 -LEADER
fixed length control field 00437nam a22001697a 4500
003 - CONTROL NUMBER IDENTIFIER
control field OSt
005 - DATE AND TIME OF LATEST TRANSACTION
control field 20210929082116.0
008 - FIXED-LENGTH DATA ELEMENTS--GENERAL INFORMATION
fixed length control field 210929b |||||||| |||| 00| 0 eng d
020 ## - INTERNATIONAL STANDARD BOOK NUMBER
International Standard Book Number 9788181288660
040 ## - CATALOGING SOURCE
Transcribing agency HU
082 ## - DEWEY DECIMAL CLASSIFICATION NUMBER
Edition number 4th Edition
Classification number 621.3678/RIC
100 ## - MAIN ENTRY--PERSONAL NAME
Personal name A.Richards
Fuller form of name John A.Richards
9 (RLIN) 7774
245 ## - TITLE STATEMENT
Title Remote Sensing Digital Image Analysis
260 ## - PUBLICATION, DISTRIBUTION, ETC.
Place of publication, distribution, etc. New York
Name of publisher, distributor, etc. Springer
Date of publication, distribution, etc. 2006
300 ## - PHYSICAL DESCRIPTION
Extent 439
942 ## - ADDED ENTRY ELEMENTS (KOHA)
Source of classification or shelving scheme Dewey Decimal Classification
Koha item type Books like text book referance book
Suppress in OPAC No
Holdings
Withdrawn status Lost status Source of classification or shelving scheme Damaged status Not for loan Home library Current library Shelving location Date acquired Total Checkouts Full call number Barcode Date last seen Copy number Price effective from Koha item type Collection code
    Dewey Decimal Classification     Natural & Computational Science Library Natural & Computational Science Library General Stacks 09/29/2021   621.3678/RIC NSCLIB00013799 09/29/2021 1 09/29/2021 Books like text book referance book  
    Dewey Decimal Classification     Social Library Social Library General Stacks 11/23/2021   621.3678/rlc SHLIB00012129 11/23/2021 c1 11/23/2021 Books like text book referance book  
    Dewey Decimal Classification     Wondo Genet Library Wondo Genet Library General Stacks 03/21/2022   621.3678 RIC 2006 WGCFNRL00014030 03/21/2022 1 03/21/2022 Books like text book referance book Non-fiction